00976nam a2200253 a 450000100100000000500170001000800410002704000250006808200220009310000330011524000570014824501140020525000110031926000530033030000280038349000550041150000350046650000740050150500320057570000180060770000170062570000250064283000550066700003539220200930074316.0111031s1958 mx a 000 0 spa d aDO-SdBNPbspacBNPHU axxxxbF829p, 19581 aFrankfort, Henri,d1897-195414aThe intellectual adventure of ancient manlEspañol 3aEl pensamiento prefilosófico /cH. y H. A. Frankfort, J. A. Wilson y T. Jacobsen ; traductor Eli de Gotari. a3a ed. aMéxico :bFondo de Cultura Económica,c1958. a286 p. :bil. ;c17 cm.1 aBravarios del fondo de cultura económicavno. 97 aTítulo original en inglés. aIncluye referencias bibliográficas y notas al pie de las páginas.0 gv. 1.tEgipto y Mesopotamia12aWilson, J. A.12aJacobsen, T.12aGotari, Edi de,etr. 0aBravarios del fondo de cultura económicavno. 97